Co mierzymy? - Statystyki

Ogólne statystyki
  • Ten quiz został rozwiązany 40 razy
    26 od ostatniego zresetowania
  • Średni wynik to 2 z 8
Statystyki odpowiedzi
Odpowiedź % Poprawnych
czas
63%
temperaturę
42%
ciśnienie
32%
Wagę
32%
głębokość
16%
obwód ciała
5%
Poziom Alkoholu
5%
siły na zamiary
0%
Nie znaleziono quizów pasujących do podanych kryteriów
Rozkład punktacji
Procent ludzi z każdym wynikiem
Percentyl według liczby udzielonych odpowiedzi
Twoja historia wyników
Nie rozwiązałeś tego quizu od ostatniego zresetowania